Social capital in the change of the Czech agriculture
Príspevok do diskusie o povahe a úlohe sociálneho kapitálu a to konkrétne v prípade českého poľnohospodárstva. S pomocou empirických údajov a prípadovej štúdie približuje možnosti aplikácie dualistického chápania sociálneho kapitálu pre analýzu niektorých procesov v českom poľnohospodárstve.
Gespeichert in:
| 1. Verfasser: | |
|---|---|
| Weitere Verfasser: | |
| Format: | Buchkapitel |
| Sprache: | Englisch |
| Schlagworte: | |
| Tags: |
Keine Tags, Fügen Sie das erste Tag hinzu!
|
MARC
| LEADER | 00000naa$a2200000$$$4500 | ||
|---|---|---|---|
| 001 | 0002341 | ||
| 005 | 20231004092025.7 | ||
| 041 | 0 | |a eng | |
| 044 | |a CZ | ||
| 245 | 1 | 0 | |a Social capital in the change of the Czech agriculture |c Helena Hudečková, Michal Lošťák |
| 520 | |a Príspevok do diskusie o povahe a úlohe sociálneho kapitálu a to konkrétne v prípade českého poľnohospodárstva. S pomocou empirických údajov a prípadovej štúdie približuje možnosti aplikácie dualistického chápania sociálneho kapitálu pre analýzu niektorých procesov v českom poľnohospodárstve. | ||
| 610 | 2 | 0 | |a kapitál ľudský |
| 610 | 2 | 0 | |a Česko |
| 610 | 2 | 0 | |a poľnohospodárstvo |
| 610 | 2 | 0 | |a štruktúra sociálna |
| 610 | 2 | 0 | |a správanie sociálne |
| 610 | 2 | 0 | |a situácia sociálna |
| 610 | 2 | 0 | |a potenciál ľudský |
| 100 | 1 | |a Hudečková, Helena | |
| 700 | 1 | |a Lošťák, Michal | |